Cesta ke konkurenceschopnosti pomocí konceptu učící se organizace
Učiaca sa organizácia - historické aspekty. Všetky vzdelávacie aktivity v podniku musia byť úzko spojené s podnikovými cieľmi, s podnikovou stratégiou. Charakteristické rysy učiacej sa organizácie. Synergický efekt.
Saved in:
| Main Author: | |
|---|---|
| Other Authors: | |
| Format: | Book Chapter |
| Language: | Czech |
| Subjects: | |
| Tags: |
No Tags, Be the first to tag this record!
|
MARC
| LEADER | 00000naa$a2200000$$$4500 | ||
|---|---|---|---|
| 001 | 0056141 | ||
| 005 | 20221128095533.3 | ||
| 041 | 0 | |a cze | |
| 044 | |a SK | ||
| 245 | 1 | 0 | |a Cesta ke konkurenceschopnosti pomocí konceptu učící se organizace |c Jarmil Adamec, Terezie Bartusková |
| 520 | |a Učiaca sa organizácia - historické aspekty. Všetky vzdelávacie aktivity v podniku musia byť úzko spojené s podnikovými cieľmi, s podnikovou stratégiou. Charakteristické rysy učiacej sa organizácie. Synergický efekt. | ||
| 610 | 2 | 0 | |a organizácie vedomostné |
| 610 | 2 | 0 | |a vzdelávanie |
| 610 | 2 | 0 | |a ciele podnikové |
| 610 | 2 | 0 | |a stratégia podniková |
| 610 | 2 | 0 | |a konkurencieschopnosť |
| 610 | 2 | 0 | |a synergia |
| 100 | 1 | |a Adamec, Jarmil | |
| 700 | 1 | |a Bartusková, Terezie | |